00281cam a22001097a 4500008004000000082001200040100001700052245004300069260004200112300000900154650000800163180718b1955 xxu||||| |||| 00| 0 eng d aG9 W252 aWarren, Earl aThe law and the futurecby Earl Warren aNew YorkbAmerican breakthroughc1955 a16p. aLaw